000 00513nam a22001937a 4500
003 NUST - PNEC
005 20170116180748.0
008 150226b xxu||||| |||| 00| 0 eng d
020 _a0333914171
040 _cLIBRARY
082 _a327.101 BUR
100 _91494
_aBurchill Scott
245 _aTheories of International Relations
_cScott Burchill
250 _a2nd ed
260 _aNew York
_bPalgrave
_cc2001.
300 _a322 p. :
650 _91497
_aInternational Relations
_xGeneral
942 _2ddc
_cBK
999 _c62434
_d62434